Membros do Baby Monster - Statistics

Estatísticas Gerais
  • Esse quiz foi jogado 10 vezes
  • A pontuação média é 5 de 7
Estatísticas das Respostas
Resposta % Correto
Asa
88%
Ahyeon
75%
Chiquita
75%
Pharita
75%
Ruka
75%
Rora
63%
Rami
50%
Nenhum quiz correspondente encontrado
Distribuição das Pontuações
Porcentagem de Pessoas com Cada Pontuação
Percentil de Números Respondidos
Sua Pontuação Histórica
Você não jogou esse quiz